|
|
|
|
| LEADER |
01981nam a2200397Ia 4500 |
| 001 |
27305 |
| 005 |
20190123145923.0 |
| 006 |
|
| 008 |
130819s2002 enka sb 001 0 eng d |
| 999 |
|
|
|c 13855
|d 13855
|
| 020 |
|
|
|a 9780415268578
|
| 020 |
|
|
|a 9780415268585
|
| 020 |
|
|
|a 058545583X (electronic bk.)
|
| 035 |
|
|
|a (N$T)ocm52762317
|
| 040 |
|
|
|a N$T
|c N$T
|d BD-DhAAL
|
| 050 |
1 |
4 |
|a HN29
|b .D45 2002eb
|
| 082 |
0 |
4 |
|a 300.723
|2 22
|
| 100 |
1 |
|
|a De Vaus, David.
|9 2683
|
| 245 |
1 |
0 |
|a Surveys in social research /
|c David de Vaus.
|
| 250 |
|
|
|a 5th ed.
|
| 260 |
|
|
|a London :
|b Routledge,
|c 2002.
|
| 300 |
|
|
|a xviii, 379 pages :
|b illustrations ;
|c 26 cm.
|
| 490 |
1 |
|
|a Social research today
|
| 500 |
|
|
|a Previous ed.: London: UCL, 1996.
|
| 504 |
|
|
|a Includes bibliographical references (p. 367-373) and index.
|
| 533 |
|
|
|a Electronic reproduction.
|b Boulder, Colo. :
|c NetLibrary,
|d 2003.
|n Available via World Wide Web.
|n Access may be limited to NetLibrary affiliated libraries.
|
| 541 |
|
|
|e 27305
|
| 650 |
|
0 |
|a Social surveys.
|9 1594
|
| 650 |
|
0 |
|a Social sciences
|x Research
|x Methodology.
|9 2243
|
| 710 |
2 |
|
|a NetLibrary, Inc.
|9 2685
|
| 776 |
1 |
|
|c Original
|z 0415268575
|w (OCoLC)48236410
|
| 942 |
|
|
|2 ddc
|c BK
|
| 952 |
|
|
|0 0
|1 0
|2 ddc
|4 0
|6 300_723000000000000_DEV
|7 0
|9 23184
|a IGS
|b IGS
|c GEN
|d 2013-08-19
|e Karim International
|g 3560.00
|l 0
|o 300.723 DEV
|p 3010027305
|r 2013-08-19
|t 1
|w 2013-08-19
|y BK
|
| 952 |
|
|
|0 0
|1 0
|2 ddc
|4 0
|6 300_723000000000000_DEV
|7 0
|9 23893
|a BRACUL
|b BRACUL
|c GEN
|d 2014-02-18
|e Paragon Enterprise
|g 2964.00
|l 4
|m 15
|o 300.723 DEV
|p 3010027874
|r 2025-09-16
|s 2025-08-09
|t 2
|w 2014-02-18
|y BK
|
| 952 |
|
|
|0 0
|1 0
|2 ddc
|4 0
|6 300_723000000000000_DEV
|7 0
|9 23894
|a BRACUL
|b BRACUL
|c GEN
|d 2014-02-18
|e Paragon Enterprise
|g 2964.00
|l 2
|o 300.723 DEV
|p 3010027875
|r 2020-02-27
|s 2020-02-18
|t 3
|w 2014-02-18
|y BK
|
| 952 |
|
|
|0 0
|1 0
|2 ddc
|4 0
|6 300_723000000000000_DEV
|7 0
|9 23895
|a BRACUL
|b BRACUL
|c GEN
|d 2014-02-18
|e Paragon Enterprise
|g 2964.00
|l 4
|m 42
|o 300.723 DEV
|p 3010027876
|r 2022-05-07
|s 2022-04-25
|t 4
|w 2014-02-18
|y BK
|